[Event "Lichtenberger Sommer 2018"]
[Site "?"]
[Date "2018.08.25"]
[Round "8.44"]
[White "Jecht, Christian"]
[Black "Weber, Gerald"]
[Result "0-1"]
[WhiteElo "1914"]
[BlackElo "1714"]
[PlyCount "60"]
[EventDate "2018.??.??"]
[WhiteTeam "SC Bavaria Regensburg von 1881"]
[BlackTeam "SSV Rotation Berlin"]

1. e4 c6 2. d4 d5 3. e5 Bf5 4. Nf3 e6 5. Be2 Ne7 6. Na3 Ng6 7. O-O Nd7 8. c4
dxc4 9. Nxc4 Nb6 10. Bg5 Qc7 11. Nfd2 h6 12. Nxb6 axb6 13. Be3 Rd8 14. g4 Nh4
15. gxf5 Nxf5 16. Ne4 Be7 17. Ng3 Nxd4 18. Qxd4 Rxd4 19. Bxd4 O-O 20. Bf3 c5
21. Bc3 b5 22. b3 c4 23. bxc4 Ba3 24. Ne4 bxc4 25. Rab1 Rb8 26. Rfd1 b5 27. Nd6
b4 28. Rd4 bxc3 29. Rxb8+ Qxb8 30. Rxc4 c2 0-1

[Event "Lichtenberger Sommer 2018"]
[Site "?"]
[Date "2018.08.25"]
[Round "8.45"]
[White "Wallmann, Bodo"]
[Black "Spors, Carl Philip"]
[Result "0-1"]
[WhiteElo "1814"]
[BlackElo "1902"]
[PlyCount "120"]
[EventDate "2018.??.??"]
[WhiteTeam "SC Kreuzberg"]
[BlackTeam "Lasker Steglitz-Wilmersdorf"]

1. d4 Nf6 2. Nf3 g6 3. Bg5 Bg7 4. Nbd2 d5 5. e3 O-O 6. Bd3 Nbd7 7. O-O Re8 8.
h3 c5 9. c3 Qc7 10. Bf4 Qb6 11. Rb1 Nh5 12. Bh2 h6 13. Qa4 Rf8 14. b4 c4 15.
Bc2 f5 16. Bd1 Nhf6 17. Ne5 g5 18. f3 Qe6 19. Re1 Nxe5 20. Bxe5 g4 21. Bxf6
Qxf6 22. hxg4 fxg4 23. Nf1 gxf3 24. Bxf3 Qg5 25. Qd1 Kh8 26. Nh2 Bf5 27. e4
dxe4 28. Bxe4 Bxe4 29. Rxe4 e5 30. Nf3 Qf5 31. Qe2 exd4 32. cxd4 Rae8 33. Re1
Rxe4 34. Qxe4 Qxe4 35. Rxe4 Rc8 36. Re2 Bf6 37. Kf2 Kg7 38. Rc2 b5 39. Rc3 Kg6
40. Ke3 Kf5 41. Kd2 Rd8 42. Ke3 Re8+ 43. Kd2 Re4 44. Re3 Bxd4 45. Nxd4+ Rxd4+
46. Kc3 Rg4 47. Re7 Rg3+ 48. Kd4 Rd3+ 49. Kc5 a6 50. Re2 c3 51. Rc2 Ke4 52. Kb6
Rd6+ 53. Kc5 Rd8 54. Rc1 Rc8+ 55. Kb6 Kd3 56. Kxa6 Ra8+ 57. Kxb5 Rxa2 58. g4 c2
59. Rh1 Rb2 60. Rh3+ Kd4 0-1

[Event "Lichtenberger Sommer 2018"]
[Site "?"]
[Date "2018.08.25"]
[Round "8.46"]
[White "Schubert, Joachim"]
[Black "Poseck, Steffen"]
[Result "1-0"]
[WhiteElo "1845"]
[BlackElo "2052"]
[PlyCount "57"]
[EventDate "2018.??.??"]
[WhiteTeam "SC Friesen Lichtenberg"]
[BlackTeam "BSV 63 Chemie Weißensee"]

1. e4 c5 2. Nf3 a6 3. a4 d6 4. d4 cxd4 5. Nxd4 Nf6 6. Nc3 Nc6 7. Be2 e6 8. O-O
Be7 9. Kh1 Qc7 10. f4 Nxd4 11. Qxd4 O-O 12. Rf3 e5 13. Qf2 Be6 14. f5 Bc4 15.
Bd1 d5 16. exd5 Rfd8 17. Rg3 Bxd5 18. Be3 Qc6 19. Be2 Rac8 20. Rf1 Bc5 21. h4
Bxe3 22. Qxe3 Qc5 23. Qh6 Ne8 24. f6 g6 25. h5 Qf8 26. Qg5 Qd6 27. hxg6 hxg6
28. Nxd5 Qxd5 29. Rh3 1-0

[Event "Lichtenberger Sommer 2018"]
[Site "?"]
[Date "2018.08.25"]
[Round "8.47"]
[White "Sabrowski, Uwe"]
[Black "Bergmann, Jens"]
[Result "1/2-1/2"]
[WhiteElo "2106"]
[BlackElo "1835"]
[PlyCount "164"]
[EventDate "2018.??.??"]
[WhiteTeam "SC Friesen Lichtenberg"]
[BlackTeam "SK Tempelhof 1931"]

1. d4 Nf6 2. Nf3 e6 3. c4 c5 4. d5 b5 5. e3 bxc4 6. Bxc4 Ba6 7. Bxa6 Nxa6 8.
Nc3 Nxd5 9. Nxd5 exd5 10. Qxd5 Nb4 11. Qe4+ Be7 12. O-O O-O 13. a3 d5 14. Qb1
Nc6 15. Bd2 Qb6 16. e4 d4 17. Qc2 Rab8 18. Rab1 Qb3 19. Rfc1 Qxc2 20. Rxc2 Rb3
21. Bf4 f6 22. Nd2 Rb6 23. Nc4 Rb3 24. Rd1 Rd8 25. Nd2 Rb5 26. Nc4 g5 27. Bg3
Rb3 28. Rcd2 Kf7 29. Rd3 Rxd3 30. Rxd3 Rd7 31. Kf1 Ke6 32. Ke2 Rb7 33. Kd1 Ne5
34. Bxe5 fxe5 35. Rh3 Bf8 36. Rd3 h6 37. Kc2 g4 38. Rg3 h5 39. h3 Bh6 40. hxg4
Bf4 41. Rh3 hxg4 42. Rh8 g3 43. fxg3 d3+ 44. Kxd3 Rb3+ 45. Kc2 Rxg3 46. Rc8
Rxg2+ 47. Kb3 Re2 48. Rc6+ Kd7 49. Rxc5 Rxe4 50. Ra5 Be3 51. Nxe5+ Kc7 52. Rd5
Kb7 53. Nc4 Kc6 54. Rd6+ Kc7 55. Ra6 Bf2 56. Rf6 Re2 57. Ka4 Bd4 58. Rf7+ Kc6
59. b3 Rc2 60. Rh7 Rc1 61. Rh6+ Kc7 62. Nd6 Bf2 63. Nb5+ Kb7 64. Rf6 Rc2 65.
Nd6+ Kc7 66. Nc4 Bd4 67. Rf4 Bg1 68. Kb5 Rg2 69. Rf7+ Kb8 70. a4 Rg5+ 71. Kc6
Rc5+ 72. Kd6 Rc8 73. a5 Bc5+ 74. Kd5 Bb4 75. Ne5 Rc5+ 76. Kd4 Rc7 77. Rf6 Bc3+
78. Ke4 Re7 79. Rf5 Kb7 80. Kd5 Rxe5+ 81. Rxe5 Bxe5 82. Kxe5 Kc6 1/2-1/2

[Event "Lichtenberger Sommer 2018"]
[Site "?"]
[Date "2018.08.25"]
[Round "8.48"]
[White "Junge, Wolfgang"]
[Black "Wörz, Markus"]
[Result "0-1"]
[WhiteElo "1829"]
[BlackElo "2027"]
[PlyCount "62"]
[EventDate "2018.??.??"]
[WhiteTeam "SC Friesen Lichtenberg"]
[BlackTeam "SC Kreuzberg"]

1. d4 Nf6 2. c4 c5 3. d5 b5 4. cxb5 a6 5. bxa6 g6 6. Nc3 Bxa6 7. e4 Bxf1 8.
Kxf1 d6 9. Nge2 Nbd7 10. g3 Bg7 11. Kg2 O-O 12. f3 Qa5 13. Qc2 Ne5 14. b3 Rfc8
15. f4 Ned7 16. Bd2 c4 17. bxc4 Rxc4 18. Qd3 Qa6 19. Qf3 Nc5 20. e5 Nfe4 21.
Nxe4 Nxe4 22. Be3 dxe5 23. fxe5 Bxe5 24. Rac1 Rac8 25. Rxc4 Rxc4 26. Rc1 Qxa2
27. Rxc4 Qxc4 28. Bh6 Qxd5 29. Qa3 Bd6 30. Qb2 Nxg3+ 31. Kf2 Nf5 0-1

[Event "Lichtenberger Sommer 2018"]
[Site "?"]
[Date "2018.08.25"]
[Round "8.49"]
[White "Kapp, Frank"]
[Black "Kutschke, Jens"]
[Result "0-1"]
[WhiteElo "1874"]
[BlackElo "1984"]
[PlyCount "88"]
[EventDate "2018.??.??"]
[WhiteTeam "TSV IFA Chemnitz"]
[BlackTeam "SF 1903 Berlin"]

1. d4 Nf6 2. Bf4 d5 3. Nf3 g6 4. e3 Bg7 5. c3 O-O 6. Bd3 Nbd7 7. h3 b6 8. Nbd2
Bb7 9. Rc1 c5 10. b3 Re8 11. O-O Ne4 12. Qc2 Nxd2 13. Qxd2 Rc8 14. Rfe1 e5 15.
dxe5 Nxe5 16. Bxe5 Bxe5 17. Bf1 Bg7 18. c4 d4 19. exd4 Bxf3 20. gxf3 Bxd4 21.
Rxe8+ Qxe8 22. Re1 Qc6 23. Bg2 Qf6 24. Re4 Rd8 25. Qe2 Kg7 26. f4 Bc3 27. Qf3
Rd2 28. Re2 Rxe2 29. Qxe2 Qxf4 30. Bd5 Be5 31. Qg4 Qxg4+ 32. hxg4 h5 33. gxh5
gxh5 34. f3 f6 35. Kg2 Kg6 36. Kh3 Kg5 37. Bf7 h4 38. Bd5 Bg3 39. a3 a5 40. b4
axb4 41. axb4 cxb4 42. Kg2 Kf4 43. Kf1 Ke3 44. Be4 b3 0-1

[Event "Lichtenberger Sommer 2018"]
[Site "?"]
[Date "2018.08.25"]
[Round "8.50"]
[White "Jimenez Jimenez, Darfo"]
[Black "Jeß, Arne"]
[Result "0-1"]
[WhiteElo "1778"]
[BlackElo "1814"]
[PlyCount "82"]
[EventDate "2018.??.??"]
[WhiteTeam "La corrala Lavapies"]
[BlackTeam "TSG Fredersdorf/Vogelsdorf"]

1. e4 c5 2. Nf3 d6 3. d4 cxd4 4. c3 Nf6 5. e5 Nd5 6. Qxd4 Nb6 7. Bb5+ Bd7 8.
Bxd7+ Qxd7 9. O-O Nc6 10. Qf4 d5 11. Re1 e6 12. b3 Nc8 13. Ba3 N8e7 14. c4 Ng6
15. Qc1 dxc4 16. Bxf8 Nxf8 17. Qxc4 Ng6 18. Nc3 Rc8 19. Nb5 O-O 20. Qe2 Rcd8
21. Rad1 Qc8 22. h4 Qb8 23. Rxd8 Rxd8 24. h5 Nf4 25. Qe4 Nd3 26. Re3 Nc5 27.
Qc2 Nd7 28. Ng5 Nf8 29. f4 Nd4 30. Nxd4 Rxd4 31. Qf2 h6 32. Nf3 Rxf4 33. Qg3
Rf5 34. Qh4 Qc7 35. g4 Qc5 36. gxf5 Qxe3+ 37. Kg2 exf5 38. Qf2 Qxf2+ 39. Kxf2
Nd7 40. Nd4 Nxe5 41. Nxf5 Nd3+ 0-1

[Event "Lichtenberger Sommer 2018"]
[Site "?"]
[Date "2018.08.25"]
[Round "8.52"]
[White "Grassi, Fabrizio"]
[Black "Schindler, Rudolf"]
[Result "1-0"]
[WhiteElo "1896"]
[BlackElo "1835"]
[PlyCount "95"]
[EventDate "2018.??.??"]
[WhiteTeam "SV Berlin-Friedrichstadt"]
[BlackTeam "Lasker Steglitz-Wilmersdorf"]

1. d4 d6 2. Bf4 g6 3. Nf3 Bg7 4. e3 Nd7 5. h3 Ngf6 6. Be2 O-O 7. O-O c5 8. c3
b6 9. a4 a6 10. Nbd2 Bb7 11. Qb3 d5 12. Ne5 c4 13. Qc2 Nxe5 14. Bxe5 b5 15. Bf3
Nd7 16. Bxg7 Kxg7 17. e4 e6 18. e5 f5 19. exf6+ Qxf6 20. Rae1 Qf5 21. Qxf5 exf5
22. Bd1 Rfe8 23. Nf3 Kf6 24. Bc2 Bc6 25. Rxe8 Rxe8 26. axb5 Bxb5 27. Ra1 h6 28.
Kf1 Re6 29. g3 Re8 30. Ba4 Re6 31. Bxb5 axb5 32. Ra7 Rd6 33. Rb7 g5 34. Rxb5
Ke6 35. Ke2 Ra6 36. h4 g4 37. Ne1 Kd6 38. Nc2 Kc6 39. Rxd5 Rb6 40. Rxf5 Rxb2
41. Kd2 Kc7 42. Rh5 Rb6 43. Nb4 Rg6 44. Nd5+ Kb7 45. Ne3 Nf6 46. Re5 Nd7 47.
Re7 Kc8 48. Nxc4 1-0

[Event "Lichtenberger Sommer 2018"]
[Site "?"]
[Date "2018.08.25"]
[Round "8.53"]
[White "Grillich, Alexander"]
[Black "Regel, Michael"]
[Result "1-0"]
[WhiteElo "1941"]
[BlackElo "1692"]
[PlyCount "99"]
[EventDate "2018.??.??"]
[WhiteTeam "SC Rochade (Berlin)"]
[BlackTeam "SC Friesen Lichtenberg"]

1. e4 c5 2. Nf3 d6 3. d3 Nc6 4. g3 Nf6 5. Bg2 g6 6. O-O Bg7 7. Re1 O-O 8. c3
Rb8 9. a4 Bg4 10. Nbd2 Qd7 11. Nc4 d5 12. Ne3 Bxf3 13. Bxf3 dxe4 14. dxe4 Qxd1
15. Rxd1 Rfd8 16. Nd5 e6 17. Nxf6+ Bxf6 18. Bf4 Rxd1+ 19. Rxd1 Rd8 20. Rxd8+
Nxd8 21. Bd6 b6 22. e5 Bg5 23. Bc7 Kf8 24. h4 Be7 25. Be2 Nc6 26. Bb5 Bd8 27.
Bd6+ Ne7 28. Bb8 a5 29. Bd6 Kg7 30. Bd3 Nc8 31. Bb8 Ne7 32. Be4 Nd5 33. Kf1 Bc7
34. Bxc7 Nxc7 35. Ke2 h6 36. f4 f5 37. exf6+ Kxf6 38. Kf3 g5 39. fxg5+ hxg5 40.
h5 Ne8 41. h6 Nd6 42. h7 Kg7 43. Bg6 Nc4 44. Bc2 Nxb2 45. Kg4 Nc4 46. Kxg5 Ne3
47. Be4 Nf5 48. Bxf5 exf5 49. Kxf5 Kxh7 50. c4 1-0

[Event "Lichtenberger Sommer 2018"]
[Site "?"]
[Date "2018.08.25"]
[Round "8.54"]
[White "Kievelitz, Bernd"]
[Black "Schulz-Runge, Michael"]
[Result "1/2-1/2"]
[WhiteElo "1868"]
[BlackElo "1758"]
[PlyCount "109"]
[EventDate "2018.??.??"]
[WhiteTeam "SC Zitadelle Spandau"]
[BlackTeam "FS Dortmund"]

1. Nf3 d5 2. d4 Nf6 3. c4 e6 4. Nc3 c6 5. Qb3 Be7 6. g3 O-O 7. Bg2 Nbd7 8. O-O
Nb6 9. cxd5 exd5 10. Ne5 Ng4 11. Nxg4 Bxg4 12. a4 Qc8 13. a5 Nc4 14. e4 Nd6 15.
exd5 Bh3 16. dxc6 Bxg2 17. Kxg2 bxc6 18. Bf4 Rb8 19. Qc2 Rb4 20. Ra4 Qb7 21.
Rxb4 Qxb4 22. Bxd6 Qxd6 23. Re1 Bd8 24. Qa4 h5 25. h4 Be7 26. Qc4 Rb8 27. Qe2
Bf6 28. Qxh5 Qxd4 29. Re2 Qd7 30. Qc5 Rd8 31. Ne4 Be7 32. Qe3 Qc7 33. Nc5 Bf8
34. b4 Qd6 35. Qf3 Rb8 36. Qe4 Qd5 37. Qxd5 cxd5 38. Nd7 Rd8 39. Nxf8 Kxf8 40.
Kf3 Rb8 41. Rb2 Rb5 42. Ke3 Ke7 43. g4 Ke6 44. Kd4 Kd6 45. f4 a6 46. h5 Rb8 47.
g5 Re8 48. b5 Re4+ 49. Kd3 axb5 50. Rxb5 Rxf4 51. a6 Ra4 52. Rb7 Ra3+ 53. Kc2
Ke6 54. a7 Kf5 55. Rxf7+ 1/2-1/2

[Event "Lichtenberger Sommer 2018"]
[Site "?"]
[Date "2018.08.25"]
[Round "8.56"]
[White "Jugert, Ole"]
[Black "Neuwald, Volker"]
[Result "1-0"]
[WhiteElo "1650"]
[BlackElo "1786"]
[PlyCount "75"]
[EventDate "2018.??.??"]
[WhiteTeam "vereinslos"]
[BlackTeam "SK Ottenau"]

1. d4 Nf6 2. c4 c5 3. d5 b5 4. cxb5 a6 5. bxa6 Bxa6 6. Nc3 g6 7. e4 Bxf1 8.
Kxf1 d6 9. Nf3 Bg7 10. g3 O-O 11. Kg2 Nbd7 12. h3 Qb6 13. Re1 Rfb8 14. Qc2 Qb7
15. Re2 Nb6 16. Bg5 h6 17. Bd2 Nc4 18. b3 Nxd2 19. Nxd2 Qb4 20. Rc1 Nd7 21. Na4
Nb6 22. Nxb6 Rxb6 23. Nc4 Rba6 24. Qd1 Bd4 25. Rcc2 Qb7 26. Qc1 Kg7 27. Kh2
R6a7 28. f4 Ra6 29. g4 R6a7 30. Qh1 g5 31. e5 dxe5 32. Nxe5 Rxa2 33. Rxa2 Rxa2
34. Rxa2 Qxb3 35. Qg2 gxf4 36. Re2 Qb8 37. Qe4 Be3 38. Qf5 1-0

[Event "Lichtenberger Sommer 2018"]
[Site "?"]
[Date "2018.08.25"]
[Round "8.57"]
[White "Bode, Jan-Michael"]
[Black "Fock, Amina"]
[Result "1-0"]
[WhiteElo "1874"]
[BlackElo "1824"]
[PlyCount "87"]
[EventDate "2018.??.??"]
[WhiteTeam "SW Lichtenrade"]
[BlackTeam "SC Zugzwang 95 (Berlin)"]

1. d4 f5 2. Nf3 Nf6 3. Bf4 g6 4. e3 Bg7 5. Bd3 d6 6. c3 O-O 7. O-O Nh5 8. Bg5
Qe8 9. e4 e5 10. dxe5 dxe5 11. Be3 f4 12. Bc5 Rf6 13. Qb3+ Kh8 14. Nbd2 Nd7 15.
Ba3 Nb6 16. Nc4 Nxc4 17. Bxc4 h6 18. Rad1 c6 19. Bd6 b5 20. Be2 Re6 21. c4 Nf6
22. Qc2 Bb7 23. c5 a5 24. a3 a4 25. h3 Nd7 26. Nh4 Rf6 27. Bg4 Nf8 28. Qc3 Rf7
29. Bxf8 Rxf8 30. Rd6 Rf6 31. Rfd1 g5 32. Nf5 Rxd6 33. Nxd6 Qb8 34. Nf7+ Kg8
35. Rd8+ Qxd8 36. Nxd8 Rxd8 37. b3 axb3 38. Qxb3+ Kh8 39. a4 Ba8 40. Bf5 bxa4
41. Qxa4 Bb7 42. Qa7 Ba8 43. Bd7 Rf8 44. Qb6 1-0

[Event "Lichtenberger Sommer 2018"]
[Site "?"]
[Date "2018.08.25"]
[Round "8.58"]
[White "Kretzschmar, Jan"]
[Black "Ho, Ngoc Hai-Dang"]
[Result "1/2-1/2"]
[WhiteElo "1817"]
[BlackElo "1582"]
[PlyCount "71"]
[EventDate "2018.??.??"]
[WhiteTeam "SC Kreuzberg"]
[BlackTeam "SV Mattnetz Berlin"]

1. d4 Nf6 2. Nf3 d5 3. g3 e6 4. Bg2 Be7 5. c4 O-O 6. Nbd2 Nbd7 7. O-O c5 8.
cxd5 Nxd5 9. e4 Nc7 10. Re1 b6 11. b3 Bb7 12. Bb2 cxd4 13. Bxd4 Nc5 14. Qc2 Nb5
15. Bxc5 Bxc5 16. Nc4 Nd4 17. Nxd4 Qxd4 18. Rad1 Qf6 19. e5 Qe7 20. Bxb7 Qxb7
21. Qe4 Qxe4 22. Rxe4 Rfd8 23. Ree1 Kf8 24. Kg2 Ke7 25. Kf3 Bb4 26. Rf1 Rxd1
27. Rxd1 Rd8 28. Rc1 b5 29. Ne3 Bd2 30. Rc7+ Rd7 31. Rc8 Bxe3 32. Kxe3 Rd8 33.
Rc7+ Rd7 34. Rc8 Rd8 35. Rc7+ Rd7 36. Rc8 1/2-1/2

[Event "Lichtenberger Sommer 2018"]
[Site "?"]
[Date "2018.08.25"]
[Round "8.59"]
[White "Eisheh, Jens-Tarek"]
[Black "Ollek, Karl-Heinz"]
[Result "1-0"]
[WhiteElo "1947"]
[BlackElo "1681"]
[PlyCount "123"]
[EventDate "2018.??.??"]
[WhiteTeam "Lübecker SV"]
[BlackTeam "SC Friesen Lichtenberg"]

1. e4 e5 2. Nf3 Nc6 3. Bc4 Bc5 4. c3 Na5 5. Be2 Nc6 6. O-O d6 7. d4 exd4 8.
cxd4 Bb6 9. Nc3 Bg4 10. Be3 Nf6 11. Nd2 Bxe2 12. Nxe2 Qd7 13. f3 O-O 14. Nc4 h6
15. a3 a5 16. Nxb6 cxb6 17. Qb3 b5 18. Qxb5 Rfc8 19. Qd3 Rab8 20. Qb5 Ne7 21.
Qd3 b5 22. Rac1 Qb7 23. Bf4 Ne8 24. b4 axb4 25. axb4 g5 26. Bg3 Qd7 27. f4 Rxc1
28. Rxc1 f5 29. h4 fxe4 30. Qxe4 Nf6 31. Qd3 g4 32. Nc3 Rc8 33. Ra1 Qf5 34. Qe3
Ned5 35. Nxd5 Nxd5 36. Qd2 Qc2 37. Qe1 Qf5 38. Ra5 Qf6 39. Qe4 Nc3 40. Qd3 Qe6
41. Ra7 Qe4 42. Qxe4 Nxe4 43. Kh2 Rc4 44. f5 Nxg3 45. Kxg3 Rxd4 46. Rd7 h5 47.
f6 Rxb4 48. Rxd6 Kf7 49. Rd5 Kxf6 50. Rxh5 Rb3+ 51. Kxg4 b4 52. Rb5 Rb2 53. g3
b3 54. h5 Rb1 55. Rb6+ Kg7 56. Kg5 b2 57. Rb7+ Kf8 58. g4 Ke8 59. h6 Kd8 60. h7
Rh1 61. Kg6 Rh4 62. g5 1-0

[Event "Lichtenberger Sommer 2018"]
[Site "?"]
[Date "2018.08.25"]
[Round "8.60"]
[White "Kujawa, Werner"]
[Black "Meister, Alexander"]
[Result "0-1"]
[WhiteElo "1726"]
[BlackElo "1962"]
[PlyCount "143"]
[EventDate "2018.??.??"]
[WhiteTeam "SV Motor Wildau"]
[BlackTeam "vereinslos"]

1. Nf3 d5 2. d4 Nf6 3. c4 e6 4. Nc3 c6 5. Bg5 Nbd7 6. e3 Qa5 7. Bxf6 Nxf6 8.
Nd2 Bb4 9. Qb3 Be7 10. Be2 O-O 11. O-O Qd8 12. Rac1 b6 13. Rfd1 Bd7 14. Bf3 Rc8
15. e4 dxc4 16. Nxc4 Qc7 17. Ne3 Qf4 18. e5 Nd5 19. Ne2 Qg5 20. a4 Rfd8 21. Ng3
Nxe3 22. Qxe3 Qh4 23. Qe4 Qg5 24. Qg4 Qxg4 25. Bxg4 Be8 26. Ne4 h6 27. b3 a5
28. f4 g6 29. Kf2 Kf8 30. Ke3 Rc7 31. Be2 Rdc8 32. g4 Ba3 33. Ra1 Bb4 34. Rac1
Be7 35. Ba6 Rd8 36. Be2 Bd7 37. Bf1 Bc8 38. Be2 Bb7 39. h3 Rdc8 40. Bf1 Rd8 41.
Be2 Bc8 42. Bf1 Kg7 43. Bb5 Bb7 44. g5 hxg5 45. fxg5 c5 46. dxc5 Rxd1 47. Rxd1
bxc5 48. h4 Bd5 49. Bc4 Bxc4 50. bxc4 Rb7 51. Nd6 Rb3+ 52. Rd3 Rb4 53. Ra3 Bxd6
54. exd6 Kf8 55. Rd3 Ke8 56. d7+ Kd8 57. Kf4 Rxc4+ 58. Ke5 Rxh4 59. Rf3 Kxd7
60. Rxf7+ Kc6 61. Rf6 c4 62. Rxe6+ Kc5 63. Rxg6 c3 64. Ra6 Kb4 65. Rc6 Kb3 66.
g6 Rg4 67. Kf6 c2 68. g7 Kb2 69. Kf7 c1=Q 70. Rxc1 Kxc1 71. g8=Q Rxg8 72. Kxg8
0-1

[Event "Lichtenberger Sommer 2018"]
[Site "?"]
[Date "2018.08.25"]
[Round "8.61"]
[White "Hesselbarth, Karlheinz"]
[Black "Roth, Joachim"]
[Result "0-1"]
[WhiteElo "1723"]
[BlackElo "1959"]
[PlyCount "56"]
[EventDate "2018.??.??"]
[WhiteTeam "SC Zugzwang 95 (Berlin)"]
[BlackTeam "SG Bund"]

1. d4 d5 2. c4 e6 3. Nc3 c5 4. cxd5 exd5 5. Nf3 Nc6 6. g3 Be6 7. Bg2 Nf6 8. O-O
Be7 9. Bg5 c4 10. Ne5 O-O 11. e3 h6 12. Bxf6 Bxf6 13. f4 Bxe5 14. dxe5 Qb6 15.
Qe2 d4 16. exd4 Nxd4 17. Qf2 Rfd8 18. Rad1 Rd7 19. Rd2 Rad8 20. Kh1 Bf5 21. Be4
Bxe4+ 22. Nxe4 Qc6 23. Qg2 Nf5 24. Rxd7 Rxd7 25. Re1 Rd3 26. Nc3 Qd7 27. Ne4
Ne3 28. Qf3 Nc2 0-1

[Event "Lichtenberger Sommer 2018"]
[Site "?"]
[Date "2018.08.25"]
[Round "8.62"]
[White "Strehlow, Horst"]
[Black "Karyah, Thomas"]
[Result "0-1"]
[WhiteElo "1981"]
[BlackElo "1775"]
[PlyCount "46"]
[EventDate "2018.??.??"]
[WhiteTeam "SG TT/WiHeil"]
[BlackTeam "SC Zugzwang 95 (Berlin)"]

1. e4 d6 2. d4 Nf6 3. Nc3 g6 4. f4 Bg7 5. Nf3 Bg4 6. Be3 c6 7. h3 Bd7 8. Qd2 b5
9. e5 b4 10. Ne2 Nd5 11. Bf2 a5 12. g4 Na6 13. Ng3 Nac7 14. Bg2 Ne6 15. f5 Nef4
16. O-O h5 17. exd6 Nxg2 18. Kxg2 hxg4 19. hxg4 gxf5 20. Nxf5 Bxf5 21. dxe7 Qd6
22. Bg3 Qh6 23. Qxh6 Rxh6 0-1

[Event "Lichtenberger Sommer 2018"]
[Site "?"]
[Date "2018.08.25"]
[Round "8.63"]
[White "Schwager, Thomas"]
[Black "Lichii, Elizaveta"]
[Result "0-1"]
[WhiteElo "1628"]
[BlackElo "1807"]
[PlyCount "116"]
[EventDate "2018.??.??"]
[WhiteTeam "SC Friesen Lichtenberg"]
[BlackTeam "vereinslos"]

1. d4 Nf6 2. Bf4 e6 3. e3 c5 4. c3 b6 5. Nd2 Bb7 6. Ngf3 Be7 7. h3 O-O 8. Bd3
d5 9. O-O Nc6 10. Bh2 Bd6 11. Ne5 Ne7 12. g4 Ne4 13. f4 f6 14. Bxe4 dxe4 15.
Nec4 Bc7 16. dxc5 bxc5 17. Qc2 f5 18. g5 Ng6 19. Rad1 Qe7 20. Bg3 Rad8 21. Nb1
Bd5 22. Nba3 e5 23. b3 exf4 24. exf4 e3 25. Qe2 Nxf4 26. Qxe3 Qxe3+ 27. Nxe3
Ne2+ 28. Kf2 Nxg3 29. Rxd5 Nxf1 30. Kxf1 f4 31. Nf5 Rxd5 32. Ne7+ Kf7 33. Nxd5
Be5 34. c4 a6 35. Nc2 a5 36. Ne1 Ke6 37. Nf3 Bd6 38. Nc3 Kf5 39. Kf2 Re8 40.
Nd5 Ra8 41. Nb6 Rb8 42. Na4 Re8 43. Nc3 Re3 44. Nd5 Rd3 45. Ke2 Rxf3 46. Kxf3
Kxg5 47. a3 Kh4 48. Nxf4 Bxf4 49. Kxf4 Kxh3 50. Kg5 Kg3 51. b4 axb4 52. axb4
cxb4 53. c5 b3 54. c6 b2 55. c7 h6+ 56. Kh5 b1=Q 57. c8=Q Qd1+ 58. Kg6 Qg4+ 0-1

[Event "Lichtenberger Sommer 2018"]
[Site "?"]
[Date "2018.08.25"]
[Round "8.64"]
[White "Pöltelt, Helmut"]
[Black "Otter, Nils"]
[Result "0-1"]
[WhiteElo "1714"]
[BlackElo "1723"]
[PlyCount "176"]
[EventDate "2018.??.??"]
[WhiteTeam "SC Eintracht Berlin"]
[BlackTeam "SC Kreuzberg"]

1. e4 c5 2. Nf3 Nc6 3. d4 cxd4 4. Nxd4 e5 5. Nf3 Nf6 6. Nc3 Bb4 7. Bd3 d5 8.
exd5 Nxd5 9. Bd2 Nxc3 10. bxc3 Be7 11. O-O O-O 12. Qe2 Qc7 13. Ng5 g6 14. Qf3
Kg7 15. Bc4 Nd8 16. Bb3 h6 17. Ne4 f5 18. Qe3 g5 19. Ng3 Bc5 20. Nh5+ Kg6 21.
Qe2 g4 22. Ng3 h5 23. h4 Be7 24. Qe3 f4 25. Qe4+ Bf5 26. Nxf5 Rxf5 27. g3 Bf6
28. Bd5 Nf7 29. Be6 Nd6 30. Bxf5+ Nxf5 31. gxf4 Bxh4 32. fxe5 Rf8 33. Rab1 b6
34. Rb5 Kg7 35. e6 Nd6 36. Qe5+ Bf6 37. Qxh5 Nxb5 38. Bh6+ Kg8 39. Bxf8 Nxc3
40. Bh6 Ne2+ 41. Kh1 Qc6+ 42. Kh2 Qd6+ 43. Kg2 Qxe6 44. Qg6+ Kh8 45. Bg7+ Bxg7
46. Qxe6 Nf4+ 47. Kg3 Nxe6 48. Kxg4 Nd4 49. c4 Nc6 50. Kg5 Kg8 51. f4 Kf7 52.
Re1 Bf6+ 53. Kf5 Nd4+ 54. Ke4 Ne6 55. Rh1 Bg7 56. Rd1 Ke7 57. f5 Nc7 58. Rh1
Kf6 59. Rg1 Na6 60. Rg6+ Kf7 61. a3 Nc7 62. Rc6 Na6 63. Kd5 Bb2 64. a4 Nb4+ 65.
Kd6 Nxc6 66. Kxc6 Kf6 67. c5 bxc5 68. Kxc5 Kxf5 69. a5 Ke5 70. a6 Bd4+ 71. Kc6
Ke6 72. Kb5 Kd5 73. Kb4 Kc6 74. Kc4 Bf2 75. Kb4 Kb6 76. Kb3 Kxa6 77. Ka4 Kb6
78. Kb4 Be1+ 79. Ka4 Kc5 80. Kb3 Kb5 81. Ka3 Bg3 82. Kb3 Bd6 83. Kb2 Kb4 84.
Ka2 Kc3 85. Kb1 Kb3 86. Ka1 a5 87. Kb1 a4 88. Kc1 a3 0-1

[Event "Lichtenberger Sommer 2018"]
[Site "?"]
[Date "2018.08.25"]
[Round "8.65"]
[White "Schönberger, Kay"]
[Black "Becker, Werner"]
[Result "1/2-1/2"]
[WhiteElo "1889"]
[BlackElo "1689"]
[PlyCount "36"]
[EventDate "2018.??.??"]
[WhiteTeam "SV Koblenz"]
[BlackTeam "SV Königsee"]

1. d4 d5 2. c4 c6 3. Nf3 Nf6 4. Nc3 e6 5. e3 Nbd7 6. Qc2 Bd6 7. Be2 b6 8. O-O
Bb7 9. b3 Qe7 10. Bb2 O-O 11. Rfd1 Rfe8 12. Rd2 a6 13. Rad1 Bb4 14. Bd3 c5 15.
a3 dxc4 16. Bxc4 Bxc3 17. Bxc3 Ne4 18. Re2 Nxc3 1/2-1/2

[Event "Lichtenberger Sommer 2018"]
[Site "?"]
[Date "2018.08.25"]
[Round "8.66"]
[White "Ziems, Michael"]
[Black "Engelhardt, Erhard"]
[Result "1-0"]
[WhiteElo "1813"]
[BlackElo "1769"]
[PlyCount "47"]
[EventDate "2018.??.??"]
[WhiteTeam "SV Empor Berlin"]
[BlackTeam "SSV Rotation Berlin"]

1. d4 e6 2. c4 d5 3. Nc3 f5 4. Nf3 c6 5. Bf4 Nf6 6. e3 Be7 7. h3 O-O 8. Qb3 Ne4
9. Be2 Kh8 10. Ne5 Nd7 11. Rc1 Bh4 12. Nxe4 fxe4 13. O-O Nxe5 14. Bxe5 Qd7 15.
Rc2 b6 16. cxd5 exd5 17. Qc3 Bb7 18. b4 a6 19. a4 b5 20. axb5 axb5 21. Qb3 Ra4
22. Bxb5 cxb5 23. Rc7 Qe6 24. Bxg7+ 1-0

[Event "Lichtenberger Sommer 2018"]
[Site "?"]
[Date "2018.08.25"]
[Round "8.67"]
[White "Schumacher, Gerhard"]
[Black "Tedesco, Gennaro"]
[Result "1-0"]
[WhiteElo "1759"]
[BlackElo "1706"]
[PlyCount "74"]
[EventDate "2018.??.??"]
[WhiteTeam "SG BVG Helmholz 55"]
[BlackTeam "SC Kreuzberg"]

1. Nf3 c5 2. g3 Nc6 3. Bg2 g6 4. d3 Bg7 5. e4 d6 6. c3 Nf6 7. O-O O-O 8. Nbd2
Rb8 9. a4 Bd7 10. Nc4 Qc8 11. Re1 Bg4 12. Ne3 Bh3 13. Bh1 a6 14. Ng5 Bd7 15. f4
b5 16. axb5 axb5 17. e5 dxe5 18. Bxc6 Qxc6 19. fxe5 Nd5 20. Nxd5 Qxd5 21. d4
Bc6 22. Ne4 Rfd8 23. Bg5 Rd7 24. Ra6 Bxe5 25. Rxc6 Qxc6 26. Nxc5 Bxd4+ 27. cxd4
Qxc5 28. dxc5 Rxd1 29. Rxd1 f6 30. Be3 Kf7 31. b4 Ke6 32. Kf2 Ra8 33. Rd3 Ra2+
34. Bd2 Rc2 35. Ke3 Rc4 36. Rd4 f5 37. Rxc4 bxc4 1-0

[Event "Lichtenberger Sommer 2018"]
[Site "?"]
[Date "2018.08.25"]
[Round "8.68"]
[White "Kreuchauf, Olaf"]
[Black "Plaza Reino, Mercedes"]
[Result "0-1"]
[WhiteElo "1674"]
[BlackElo "1701"]
[PlyCount "70"]
[EventDate "2018.??.??"]
[WhiteTeam "SC Eintracht Berlin"]
[BlackTeam "Enniscorthy Chess Club"]

1. c4 e5 2. g3 Nf6 3. Bg2 d5 4. cxd5 Nxd5 5. Nc3 Nb6 6. d3 Be7 7. a3 Nc6 8. b4
a5 9. b5 Nd4 10. e3 Ne6 11. Nge2 a4 12. d4 exd4 13. exd4 O-O 14. O-O Ra7 15.
Be3 Re8 16. Qc2 g6 17. Rfd1 Bd7 18. Rdc1 Nc4 19. Nd5 Nxe3 20. Nxe7+ Qxe7 21.
fxe3 Bxb5 22. Nc3 Bd7 23. Nd5 Qg5 24. Rf1 f5 25. h4 Qd8 26. Nb4 Bb5 27. Rfe1
Qd6 28. Qf2 Bc4 29. Rac1 b5 30. Rc3 c5 31. Nc6 Rc7 32. dxc5 Nxc5 33. Nd4 Nd3
34. Qd2 Nxe1 35. Qxe1 Qxd4 0-1